Statistiques concernant Villes françaises présentes dans l'une des deux 1ères divisions (rugby)

Cliquez ici pour prendre le quiz!

Statistiques générales

  • Ce quiz a été pris 260 fois
  • Le résultat moyen est 23 sur 30

Statistiques - réponses

Région Division Ville % Correct
Île-de-FranceTop 14Paris
99%
Nouvelle-AquitaineTop 14Bordeaux / Bègles
98%
Auvergne-Rhône-AlpesTop 14Lyon
97%
Provence-Alpes-Côte d'AzurTop 14Toulon
97%
OccitanieTop 14Toulouse
96%
Auvergne-Rhône-AlpesTop 14Clermont-Ferrand
94%
Nouvelle-AquitaineTop 14Bayonne
92%
Nouvelle-AquitainePro D2Biarritz
92%
OccitanieTop 14Montpellier
91%
OccitaniePro D2Perpignan
88%
OccitanieTop 14Castres
88%
Nouvelle-AquitaineTop 14Pau
85%
Nouvelle-AquitainePro D2Agen
85%
Auvergne-Rhône-AlpesTop 14Grenoble
84%
Nouvelle-AquitaineTop 14La Rochelle
82%
Nouvelle-AquitaineTop 14Brive-la-Gaillarde
77%
Nouvelle-AquitainePro D2Mont-de-Marsan
74%
Auvergne-Rhône-AlpesPro D2Oyonnax
74%
OccitaniePro D2Béziers
72%
BretagnePro D2Vannes
71%
OccitaniePro D2Montauban
70%
OccitaniePro D2Narbonne
68%
OccitaniePro D2Carcassonne
67%
Nouvelle-AquitainePro D2Dax
63%
OccitaniePro D2Albi
63%
Île-de-FranceTop 14Le Plessis-Robinson
52%
Auvergne-Rhône-AlpesPro D2Aurillac
51%
Auvergne-Rhône-AlpesPro D2Bourgoin-Jallieu
48%
Nouvelle-AquitainePro D2Soyaux / Angoulême
44%
OccitaniePro D2Colomiers
40%

Distribution des résultats

Percentile by Number Answered

% des personnes avec chaque résultat

Votre développement - résultats

Vous n’avez pas pris ce quiz